Gradi della Polizia di Stato italiana - Statistics

Statistiche generali
  • Questo quiz è stato fatto 275 volte
  • Il punteggio medio è 15 su 23
Statistiche sulle risposte
Tipo di grado Codice NATO Nome grado % Corretto
Sottufficiale OR 8 Ispettore
91%
Graduato OR 4 Agente
90%
Ufficiale inferiore OF 1 Commissario
86%
Graduato OR 4 Agente scelto
83%
Sottufficiale OR 9 Ispettore capo
78%
Ufficiale inferiore OF 1 Vicecommissario
73%
Sottufficiale OR 8 Viceispettore
73%
Ufficiale inferiore OF 2 Commissario capo
69%
Ufficiale superiore OF 4 Vicequestore
66%
Graduato OR 4 Assistente
61%
Graduato OR 4 Assistente capo
61%
Sottufficiale OR 6 Sovraintendente
60%
Sottufficiale OR 9 Ispettore superiore
57%
Ufficiale superiore OF 5 Primo dirigente
57%
Sottufficiale OR 7 Sovraintendente capo
57%
Graduato OR 4 Assistente capo coordinatore
55%
Generale OF 7 Dirigente generale di pubblica sicurezza
55%
Sottufficiale OR 9 Sostituto commissario
54%
Sottufficiale OR 5 Vicesovraintendente
54%
Generale OF 6 Dirigente superiore
53%
Ufficiale superiore OF 3 Vicequestore aggiunto
50%
Sottufficiale OR 7 Sovraintendente capo coordinatore
48%
Sottufficiale OR 9 Sostituto commissario coordinatore
46%
Nessun quiz corrispondente trovato
Distribuzione punteggi
Percentuale di utenti per punteggio
Percentile per numero di risposta
I tuoi punteggi nel tempo
Non hai fatto questo quiz